Texas Constitution /

Bibliographic Details
Corporate Authors: Texas, Texas. Legislature. Legislative Council. Research Division
Format: Government Document Book
Language:English
Published: Austin, Tex. : The Council, 1998.
Edition:Rev. Feb. 1998.
Subjects:

MARC

Tag First Indicator Second Indicator Subfields
LEADER 00000cam a2200000 a 4500
001 in00001407565
005 20151020062228.0
008 980218s1998 txu l s001 0 eng d
035 |a (OCoLC)38463074 
035 |9 AHP1016AM 
040 |a IKM  |c IKM  |d TAI  |d TXA  |d UtOrBLW 
049 |a TXAO 
086 |a L1400.4 C766 1998  |2 txdocs 
090 |a KFT1601 1876  |b .A35 1998 
110 1 |a Texas. 
240 1 0 |a Constitution (1876) 
245 1 0 |a Texas Constitution /  |c prepared by the Research Division of the Texas Legislative Council. 
250 |a Rev. Feb. 1998. 
264 1 |a Austin, Tex. :  |b The Council,  |c 1998. 
300 |a 201, 76 pages ;  |c 23 cm. 
336 |a text  |b txt  |2 rdacontent 
337 |a unmediated  |b n  |2 rdamedia 
338 |a volume  |b nc  |2 rdacarrier 
500 |a Includes index. 
650 0 |a Constitutions  |z Texas. 
710 1 |a Texas.  |b Legislature.  |b Legislative Council.  |b Research Division. 
999 |a MARS 
999 f f |s 0131ee1b-8009-3317-8f20-37943a3aec1e  |i efead2da-042f-3172-a215-d3af5bf3b439  |t 0 
952 f f |p normal  |a Texas A&M University  |b College Station  |c Sterling C. Evans Library  |d Evans: Texas Documents (Annex 5th floor)  |t 0  |e L1400.4 C766 1998  |h Other scheme  |i unmediated -- volume  |m A14823057497 
998 f f |a L1400.4 C766 1998  |t 0  |l Evans: Texas Documents (Annex 5th floor)